Statistics for UEFA Member Countries

Click here to take the quiz!

General Stats

  • This quiz has been taken 59 times
  • The average score is 50 of 55

Answer Stats

% Correct
France
100%
Andorra
98%
Finland
98%
Italy
98%
Latvia
98%
Republic of Ireland
98%
England
96%
Germany
96%
Norway
96%
Portugal
96%
Romania
96%
Russia
96%
Spain
96%
Austria
95%
Belgium
95%
Bulgaria
95%
Croatia
95%
Denmark
95%
Estonia
95%
Greece
95%
Hungary
95%
Iceland
95%
Netherlands
95%
Northern Ireland
95%
Scotland
95%
Slovakia
95%
Slovenia
95%
Sweden
95%
Wales
95%
Liechtenstein
93%
Lithuania
93%
Luxembourg
93%
Poland
93%
San Marino
93%
Switzerland
93%
Albania
91%
Azerbaijan
91%
Bosnia
91%
Czech Republic
91%
Macedonia
91%
Montenegro
91%
Serbia
91%
Ukraine
91%
Armenia
89%
Cyprus
89%
Kosovo
89%
Malta
89%
Turkey
88%
Belarus
86%
Georgia
86%
Moldova
84%
Israel
79%
Kazakhstan
70%
Faroe Islands
68%
Gibraltar
66%

Score Distribution

Percentile by Number Answered

Percent of People with Each Score

Your Score History

You have not taken this quiz